000
00337 a2200157 4500
001
60260
020
_a
9788573028423
040
_c
Anchieta - Pituba
100
_a
Pullman, Philip
240
1
0
_a
A bússola de ouro
_l
por
245
1
0
_a
A bússola de ouro
300
_a
365
362
0
_a
2007
650
4
_a
Ficção inglesa
942
_c
BK
999
_c
60260
_d
60260